| 000 | 00000nam 2200000zi 4500 |
| 001 | 9.926687 |
| 003 | CaOODSP |
| 005 | 20240216113517 |
| 006 | m o d f |
| 007 | cr c|||||||||| |
| 008 | 230829t20232023onco o f000 0 som d |
| 020 | |a9780660677040 |
| 040 | |aCaOODSP|beng|erda|cCaOODSP |
| 043 | |an-cn--- |
| 086 | 1 |aH164-257/1-2019Som-PDF |
| 245 | 00|a[Canada's food guide] : |b[eat well. Live well]. |
| 264 | 1|a[Ottawa] : |bHealth Canada = Santé Canada, |c[2023] |
| 264 | 4|c©2023 |
| 300 | |a1 online resource (2 unnumbered pages) : |bcolour photographs |
| 336 | |atext|btxt|2rdacontent |
| 337 | |acomputer|bc|2rdamedia |
| 338 | |aonline resource|bcr|2rdacarrier |
| 500 | |aEnglish title supplied by the publisher. |
| 546 | |aText in Somali. |
| 650 | 0|aDiet|zCanada. |
| 650 | 0|aNutrition|zCanada. |
| 710 | 1 |aCanada. |bHealth Canada, |eissuing body. |
| 775 | 08|tCanada's food guide : |w(CaOODSP)9.865411 |
| 776 | 0#|t[Canada's food guide snapshot] : |w(CaOODSP)9.926689 |
| 792 | |t[Guide alimentaire canadien] : |efre|w(CaOODSP)9.926688 |
| 856 | 40|qPDF|s739 KB|uhttps://publications.gc.ca/collections/collection_2024/sc-hc/H164-257-1-2019-som.pdf |
| 856 | 4 |qHTML|sN/A|uhttps://www.canada.ca/content/dam/hc-sc/documents/services/canada-food-guide/resources/snapshot/languages/somali.pdf |
| 986 | |a230311 |